| 000 | 00519nam a2200193 a 4500 | ||
|---|---|---|---|
| 001 | 1771666394657 | ||
| 003 | YourLibrary | ||
| 005 | 20260221150455.0 | ||
| 008 | 260221s2004##################000#0#eng## | ||
| 020 | _a9780275981624 | ||
| 082 | 0 | 4 |
_a338.542 _bKNO |
| 100 | 1 |
_aKnoop, Todd A., _eauthor. |
|
| 245 | 1 | 0 | _aRecessions and Depressions : |
| 260 |
_bGreenwood Publishing Group, _c2004. |
||
| 300 | _a320 pages | ||
| 650 | 0 | _aBusiness & Economics. | |
| 942 | _cENGLISH | ||
| 040 |
_aYourLibrary _beng _cYourLibrary |
||
| 999 |
_c615337 _d615337 |
||